<?xml version="1.0" encoding="UTF-8"?>
<record
    xmlns:xsi="http://www.w3.org/2001/XMLSchema-instance"
    xsi:schemaLocation="http://www.loc.gov/MARC21/slim http://www.loc.gov/standards/marcxml/schema/MARC21slim.xsd"
    xmlns="http://www.loc.gov/MARC21/slim">

  <leader>00447nam a22001697a 4500</leader>
  <controlfield tag="005">20160701104040.0</controlfield>
  <controlfield tag="008">160701b        xxu||||| |||| 00| 0 eng d</controlfield>
  <datafield tag="020" ind1=" " ind2=" ">
    <subfield code="a">978-93-83746-002</subfield>
  </datafield>
  <datafield tag="041" ind1=" " ind2=" ">
    <subfield code="a">eng</subfield>
  </datafield>
  <datafield tag="082" ind1=" " ind2=" ">
    <subfield code="b">20188</subfield>
  </datafield>
  <datafield tag="100" ind1=" " ind2=" ">
    <subfield code="a">Singh, JS &amp; Others</subfield>
    <subfield code="9">3345</subfield>
  </datafield>
  <datafield tag="245" ind1=" " ind2=" ">
    <subfield code="a">Ecology Environmental science &amp; conservation</subfield>
  </datafield>
  <datafield tag="260" ind1=" " ind2=" ">
    <subfield code="a">New Delhi</subfield>
    <subfield code="b">Sultan Chand &amp; Sons, </subfield>
    <subfield code="c">2015</subfield>
  </datafield>
  <datafield tag="300" ind1=" " ind2=" ">
    <subfield code="a">842</subfield>
  </datafield>
  <datafield tag="650" ind1=" " ind2=" ">
    <subfield code="a">Diploma Engineering</subfield>
    <subfield code="9">817</subfield>
  </datafield>
  <datafield tag="942" ind1=" " ind2=" ">
    <subfield code="c">BK</subfield>
  </datafield>
  <datafield tag="999" ind1=" " ind2=" ">
    <subfield code="c">5001</subfield>
    <subfield code="d">4999</subfield>
  </datafield>
  <datafield tag="952" ind1=" " ind2=" ">
    <subfield code="0">0</subfield>
    <subfield code="1">0</subfield>
    <subfield code="4">0</subfield>
    <subfield code="7">0</subfield>
    <subfield code="8">MANAGEMENT</subfield>
    <subfield code="a">JRU</subfield>
    <subfield code="b">JRU</subfield>
    <subfield code="c">SHELF-74-N</subfield>
    <subfield code="d">2016-07-01</subfield>
    <subfield code="e">PURCHASE</subfield>
    <subfield code="g">700.00</subfield>
    <subfield code="l">3</subfield>
    <subfield code="p">20188</subfield>
    <subfield code="r">2017-07-11 00:00:00</subfield>
    <subfield code="s">2017-07-08</subfield>
    <subfield code="w">2016-07-01</subfield>
    <subfield code="y">BK</subfield>
  </datafield>
  <datafield tag="952" ind1=" " ind2=" ">
    <subfield code="0">0</subfield>
    <subfield code="1">0</subfield>
    <subfield code="4">0</subfield>
    <subfield code="7">0</subfield>
    <subfield code="8">MANAGEMENT</subfield>
    <subfield code="a">JRU</subfield>
    <subfield code="b">JRU</subfield>
    <subfield code="c">SHELF-74-N</subfield>
    <subfield code="d">2016-07-01</subfield>
    <subfield code="e">PURCHASE</subfield>
    <subfield code="g">700.00</subfield>
    <subfield code="l">5</subfield>
    <subfield code="o">20188</subfield>
    <subfield code="p">20189</subfield>
    <subfield code="r">2026-02-02 09:48:07</subfield>
    <subfield code="s">2026-01-27</subfield>
    <subfield code="w">2016-07-01</subfield>
    <subfield code="y">BK</subfield>
  </datafield>
  <datafield tag="952" ind1=" " ind2=" ">
    <subfield code="0">0</subfield>
    <subfield code="1">0</subfield>
    <subfield code="4">0</subfield>
    <subfield code="7">0</subfield>
    <subfield code="8">MANAGEMENT</subfield>
    <subfield code="a">JRU</subfield>
    <subfield code="b">JRU</subfield>
    <subfield code="c">SHELF-74-N</subfield>
    <subfield code="d">2016-07-01</subfield>
    <subfield code="g">700.00</subfield>
    <subfield code="l">4</subfield>
    <subfield code="m">3</subfield>
    <subfield code="o">20188</subfield>
    <subfield code="p">20190</subfield>
    <subfield code="r">2024-02-15 13:17:32</subfield>
    <subfield code="s">2024-01-09</subfield>
    <subfield code="w">2016-07-01</subfield>
    <subfield code="y">BK</subfield>
  </datafield>
  <datafield tag="952" ind1=" " ind2=" ">
    <subfield code="0">0</subfield>
    <subfield code="1">0</subfield>
    <subfield code="4">0</subfield>
    <subfield code="7">0</subfield>
    <subfield code="8">MANAGEMENT</subfield>
    <subfield code="a">JRU</subfield>
    <subfield code="b">JRU</subfield>
    <subfield code="c">SHELF-74-N</subfield>
    <subfield code="d">2016-07-01</subfield>
    <subfield code="e">PURCHASE</subfield>
    <subfield code="g">700.00</subfield>
    <subfield code="l">6</subfield>
    <subfield code="o">20188</subfield>
    <subfield code="p">20191</subfield>
    <subfield code="r">2018-11-27 00:00:00</subfield>
    <subfield code="s">2018-11-21</subfield>
    <subfield code="w">2016-07-01</subfield>
    <subfield code="y">BK</subfield>
  </datafield>
  <datafield tag="952" ind1=" " ind2=" ">
    <subfield code="0">0</subfield>
    <subfield code="1">0</subfield>
    <subfield code="4">0</subfield>
    <subfield code="7">0</subfield>
    <subfield code="8">MANAGEMENT</subfield>
    <subfield code="a">JRU</subfield>
    <subfield code="b">JRU</subfield>
    <subfield code="c">SHELF-74-N</subfield>
    <subfield code="d">2016-07-01</subfield>
    <subfield code="e">PURCHASE</subfield>
    <subfield code="g">700.00</subfield>
    <subfield code="l">3</subfield>
    <subfield code="m">1</subfield>
    <subfield code="o">20188</subfield>
    <subfield code="p">20192</subfield>
    <subfield code="r">2017-05-15 00:00:00</subfield>
    <subfield code="s">2017-04-26</subfield>
    <subfield code="w">2016-07-01</subfield>
    <subfield code="y">BK</subfield>
  </datafield>
  <datafield tag="952" ind1=" " ind2=" ">
    <subfield code="0">0</subfield>
    <subfield code="1">0</subfield>
    <subfield code="4">0</subfield>
    <subfield code="7">0</subfield>
    <subfield code="8">MANAGEMENT</subfield>
    <subfield code="a">JRU</subfield>
    <subfield code="b">JRU</subfield>
    <subfield code="c">SHELF-74-N</subfield>
    <subfield code="d">2016-07-01</subfield>
    <subfield code="g">700.00</subfield>
    <subfield code="l">2</subfield>
    <subfield code="o">20188</subfield>
    <subfield code="p">20193</subfield>
    <subfield code="r">2022-06-21 00:00:00</subfield>
    <subfield code="s">2022-02-09</subfield>
    <subfield code="w">2016-07-01</subfield>
    <subfield code="y">BK</subfield>
  </datafield>
  <datafield tag="952" ind1=" " ind2=" ">
    <subfield code="0">0</subfield>
    <subfield code="1">0</subfield>
    <subfield code="4">0</subfield>
    <subfield code="7">0</subfield>
    <subfield code="8">MANAGEMENT</subfield>
    <subfield code="a">JRU</subfield>
    <subfield code="b">JRU</subfield>
    <subfield code="c">SHELF-74-N</subfield>
    <subfield code="d">2016-07-01</subfield>
    <subfield code="e">PURCHASE</subfield>
    <subfield code="g">700.00</subfield>
    <subfield code="l">3</subfield>
    <subfield code="p">20194</subfield>
    <subfield code="r">2017-12-04 00:00:00</subfield>
    <subfield code="s">2017-11-27</subfield>
    <subfield code="w">2016-07-01</subfield>
    <subfield code="y">BK</subfield>
  </datafield>
  <datafield tag="952" ind1=" " ind2=" ">
    <subfield code="0">0</subfield>
    <subfield code="1">0</subfield>
    <subfield code="4">0</subfield>
    <subfield code="7">0</subfield>
    <subfield code="8">MANAGEMENT</subfield>
    <subfield code="a">JRU</subfield>
    <subfield code="b">JRU</subfield>
    <subfield code="c">SHELF-74-N</subfield>
    <subfield code="d">2016-07-01</subfield>
    <subfield code="g">700.00</subfield>
    <subfield code="l">2</subfield>
    <subfield code="m">1</subfield>
    <subfield code="o">20188</subfield>
    <subfield code="p">20195</subfield>
    <subfield code="r">2018-06-27 00:00:00</subfield>
    <subfield code="s">2018-06-13</subfield>
    <subfield code="w">2016-07-01</subfield>
    <subfield code="y">BK</subfield>
  </datafield>
  <datafield tag="952" ind1=" " ind2=" ">
    <subfield code="0">0</subfield>
    <subfield code="1">0</subfield>
    <subfield code="4">0</subfield>
    <subfield code="7">0</subfield>
    <subfield code="8">MANAGEMENT</subfield>
    <subfield code="a">JRU</subfield>
    <subfield code="b">JRU</subfield>
    <subfield code="c">SHELF-74-N</subfield>
    <subfield code="d">2016-07-01</subfield>
    <subfield code="e">PURCHASE</subfield>
    <subfield code="g">700.00</subfield>
    <subfield code="l">2</subfield>
    <subfield code="o">20188</subfield>
    <subfield code="p">20196</subfield>
    <subfield code="r">2017-05-08 00:00:00</subfield>
    <subfield code="s">2017-04-28</subfield>
    <subfield code="w">2016-07-01</subfield>
    <subfield code="y">BK</subfield>
  </datafield>
  <datafield tag="952" ind1=" " ind2=" ">
    <subfield code="0">0</subfield>
    <subfield code="1">0</subfield>
    <subfield code="4">0</subfield>
    <subfield code="7">0</subfield>
    <subfield code="8">MANAGEMENT</subfield>
    <subfield code="a">JRU</subfield>
    <subfield code="b">JRU</subfield>
    <subfield code="c">SHELF-74-N</subfield>
    <subfield code="d">2016-07-01</subfield>
    <subfield code="e">PURCHASE</subfield>
    <subfield code="g">700.00</subfield>
    <subfield code="l">2</subfield>
    <subfield code="o">20188</subfield>
    <subfield code="p">20197</subfield>
    <subfield code="r">2017-05-22 00:00:00</subfield>
    <subfield code="s">2017-05-13</subfield>
    <subfield code="w">2016-07-01</subfield>
    <subfield code="y">BK</subfield>
  </datafield>
</record>
